|
|
|
|
| LEADER |
01269nam a2200253 i 4500 |
| 003 |
GR-PaULI |
| 005 |
20231101130804.0 |
| 008 |
171017s2011 gr ah||| |||| 001 0dgre | |
| 020 |
|
|
|a 9789607316493
|
| 040 |
|
|
|a GR-PaULI
|b gre
|c GR-PaULI
|e AACR2
|
| 041 |
|
|
|a gre
|a fre
|
| 082 |
|
4 |
|2 23
|a 010.92
|
| 100 |
1 |
|
|a Παπακώστας, Γιάννης,
|d 1939-
|e συγγραφέας
|9 49738
|
| 245 |
1 |
2 |
|a Ο Émile Legrand και η ελληνική βιβλιογραφία :
|b αρχειακή μελέτη /
|c Γιάννης Παπακώστας.
|
| 260 |
|
|
|a Αθήνα :
|b Ίδρυμα Κώστα και Ελένης Ουράνη,
|c 2011.
|
| 300 |
|
|
|a 700 σ. :
|b εικ., πανομ. ;
|c 21 εκ.
|
| 500 |
|
|
|a Περιέχει μικρό φύλλο με παροράματα.
|
| 504 |
|
|
|a Περιλαμβάνει βιβλιογραφικές παραπομπές και ευρετήρια.
|
| 600 |
1 |
0 |
|a Legrand, Émile,
|d 1841-1903
|9 22961
|
| 650 |
|
4 |
|a Βιβλιογραφία, Ελληνική.
|x
|9 35303
|
| 942 |
|
|
|2 ddc
|c BK15
|
| 952 |
|
|
|0 0
|1 0
|2 ddc
|4 0
|6 010_920000000000000
|7 0
|9 216357
|a LISP
|b LISP
|c BSC
|d 2017-10-17
|i 053504
|l 1
|m 1
|o 010.92
|p 025000254523
|r 2022-02-02 00:00:00
|s 2021-12-17
|t 1
|v 2017.00
|w 2017-10-17
|y BK15
|
| 998 |
|
|
|c ΓΚΟΓΚΟΥ
|d 2017-10
|
| 999 |
|
|
|c 131227
|d 131227
|